000 00368nam a2200145Ia 4500
008 230711s9999||||xx |||||||||||||| ||und||
041 _aENG
082 _bPA-P
100 _aPradeep
245 0 _aPradeep's popular encyclopaedic dictionary (illustrated)
250 _a1st . Ed.
260 _c1988
_aNew Delhi
_bPradeep publishers
650 _aLiterature
942 _cBK
999 _c3116
_d3116